Belief in the ballot: (Record no. 102249)
[ view plain ]
| 000 -LEADER | |
|---|---|
| fixed length control field | 01084nam a22002777a 4500 |
| 005 - DATE AND TIME OF LATEST TRANSACTION | |
| control field | 20240903151529.0 |
| 010 ## - LCCN (DPL NO) | |
| LC control number | 1617EN ENG-119607 B-663882 ENG-141600 |
| 020 ## - INTERNATIONAL STANDARD BOOK NUMBER | |
| International Standard Book Number | 9788123020891 |
| Terms of availability | 300.00 |
| 020 ## - INTERNATIONAL STANDARD BOOK NUMBER | |
| International Standard Book Number | 9788123032405 |
| Terms of availability | 225.00 |
| 035 ## - SYSTEM CONTROL NUMBER | |
| System control number | B-647728-734 |
| 035 ## - SYSTEM CONTROL NUMBER | |
| System control number | EN-103139 |
| 035 ## - SYSTEM CONTROL NUMBER | |
| System control number | EN-125132 |
| 035 ## - SYSTEM CONTROL NUMBER | |
| System control number | B-663882 |
| 037 ## - SOURCE OF ACQUISITION | |
| Source of stock number/acquisition | Book well |
| Stock number | dpl |
| 082 ## - DEWEY DECIMAL CLASSIFICATION NUMBER | |
| Classification number | 324.954 |
| 245 ## - TITLE STATEMENT | |
| Title | Belief in the ballot: |
| Remainder of title | 101 human stories from Indian elections/ |
| Statement of responsibility, etc | Edited by Harini Srinivasan [and] Anuj Sharma |
| 260 ## - PUBLICATION, DISTRIBUTION, ETC. (IMPRINT) | |
| Place of publication, distribution, etc | Delhi |
| Name of publisher, distributor, etc | Publication Division |
| Date of publication, distribution, etc | 2016 |
| 270 ## - ADDRESS | |
| Address | Government Of India,Soochna Bhawan,CGO Complex,Lodhi Road. |
| City | New Delhi |
| Postal code | 110003 |
| 300 ## - PHYSICAL DESCRIPTION | |
| Extent | 238p. |
| Dimensions | 24cm(pbk) |
| Other physical details | col. |
| 300 ## - PHYSICAL DESCRIPTION | |
| Extent | 213p. |
| Dimensions | 24cm(pbk) |
| Other physical details | col. |
| 490 ## - SERIES STATEMENT | |
| Volume number/sequential designation | Vol 1, Vol 2 |
| 700 ## - ADDED ENTRY--PERSONAL NAME | |
| Personal name | Srinivasan, Harini |
| Relator term | Editor |
| 9 (RLIN) | 70920 |
| 700 ## - ADDED ENTRY--PERSONAL NAME | |
| Personal name | Sharma ,Anuj |
| Relator term | Editor |
| 9 (RLIN) | 70921 |
| 942 ## - ADDED ENTRY ELEMENTS (KOHA) | |
| Source of classification or shelving scheme | Dewey Decimal Classification |
| Item type | English Books |
| Classification part | 324.954 |
| Call number suffix | BEL |
| Withdrawn status | Lost status | Not for loan | Collection code | Home library | Current library | Date acquired | Source of acquisition | Cost, normal purchase price | Full call number | Barcode | Copy number | Cost, replacement price | Koha item type | Materials specified (bound volume or other part) |
|---|---|---|---|---|---|---|---|---|---|---|---|---|---|---|
| Non-fiction | Ashok Vihar | Ashok Vihar | 28/02/2018 | Bookwell-BL 1028/25.2.17/443/15.2.17/1.3.17 | 300.00 | 324.954 BEL | B-663882 | 1 | 300.00 | English Books | ||||
| Non-fiction | Bawana | Bawana | 08/03/2017 | BPPD/EN/2016-17/287/24.11.2016/0716/7.12.2016/2.1.2017 | 300.00 | 324.954 BEL | B-647734 | 1 | 300.00 | English Books | ||||
| Not For Loan | Non-fiction | D.B.Act.Division | Bawana | 09/08/2017 | DBAD/PUB | 300.00 | 324.954 BEL | EN-103139 | 1 | 300.00 | English Books | |||
| Non-fiction | Central Library | Central Library | 08/03/2017 | BPPD/EN/2016-17/287/24.11.2016/0716/7.12.2016/2.1.2017 | 300.00 | 324.954 BEL | B-647728 | 1 | 300.00 | English Books | ||||
| Non-fiction | Janak Puri | Janak Puri | 08/03/2017 | BPPD/EN/2016-17/287/24.11.2016/0716/7.12.2016/2.1.2017 | 300.00 | 324.954 BEL | B-647731 | 1 | 300.00 | English Books | ||||
| Non-fiction | Karol Bagh | Karol Bagh | 08/03/2017 | BPPD/EN/2016-17/287/24.11.2016/0716/7.12.2016/2.1.2017 | 300.00 | 324.954 BEL | B-647732 | 1 | 300.00 | English Books | ||||
| Non-fiction | Kasturba Gandhi Marg | Kasturba Gandhi Marg | 08/03/2017 | BPPD/EN/2016-17/287/24.11.2016/0716/7.12.2016/2.1.2017 | 300.00 | 324.954 BEL | B-647730 | 1 | 300.00 | English Books | ||||
| Non-fiction | Narela | Narela | 08/03/2017 | BPPD/EN/2016-17/287/24.11.2016/0716/7.12.2016/2.1.2017 | 300.00 | 324.954 BEL | B-647733 | 1 | 300.00 | English Books | ||||
| Non-fiction | Patel Nagar | Patel Nagar | 08/03/2017 | BPPD/EN/2016-17/287/24.11.2016/0716/7.12.2016/2.1.2017 | 300.00 | 324.954 BEL | B-647729 | 1 | 300.00 | English Books | ||||
| Non-fiction | Shahdara Branch | Shahdara Branch | 03/09/2024 | DBAD | 225.00 | 324.954 BEL | EN-125132 | 1 | 225.00 | English Books | VOL 2 |
